00760cam a2200241 i 45000010008000000030004000080050017000120080041000290100017000700200017000870400018001040500023001220820015001451100033001602450039001932600066002323000027002985000042003255000022003675050090003896500020004797000019004992239624OSt20140317153440.0760921m19751977caua 001 0 eng  a 76374891  c$7.50 (v. 1) aDLCcDLCdDLC00aTK7888.3b.A3 197500a001.642192 aAdam Osborne and Associates.13aAn introduction to microcomputers. aBerkeley, Calif. :bAdam Osborne and Associates,cc1975-1977. a3 v. :bill. ;c21 cm. aOn cover of v. O, 2: by Adam Osborne. aIncludes indexes.0 av. O. The beginner's book.--[v. 1. Without special title].--v. 2. Some real products. 0aMicrocomputers.1 aOsborne, Adam.